000 00311nam a22001217a 4500
008 170706b xxu||||| |||| 00| 0 eng d
041 _aeng
080 _a82
100 _a22
101 _aGJL
245 _a BY AND ABOUT WOMEN AN ANTHOLOGY OF DHORT FICTION
_cSCHNEIDERMAN.B.K
942 _2udc
_cBK
999 _c19956
_d19956